000 00409nam a22001577a 4500
005 20240315123922.0
008 240315b ||||| |||| 00| 0 eng d
040 _cAL
041 _aeng
082 _223
_a530
_bRAOT
100 _aM A R Rao
_9154630
245 _aText Book of Pre University Physics Vol 1
260 _aMysore
_bGeetha Book House
_c1987
700 _aRAO (M A R)
_9154626
942 _2ddc
_cBK
999 _c230393
_d230393